| 000 | 00483nam a2200181Ia 4500 | ||
|---|---|---|---|
| 001 | 16605 | ||
| 005 | 20260306170322.0 | ||
| 008 | 260306t2010||||xx |||||||||||||| ||und|| | ||
| 041 | _aESP | ||
| 082 |
_a348.8 _bG64 |
||
| 100 |
_aGómez Valdez, Francisco _eAUT |
||
| 245 | 0 |
_aNueva ley procesal del trabajo ley nº 29497: _banálisis secuencial y doctrinario |
|
| 260 | _c2010 | ||
| 300 |
_a791 páginas : _c24 cm. |
||
| 650 | _aGEN | ||
| 654 | _aCDE | ||
| 942 |
_cLIB _dJUS _fJUS _2ddc _n |
||
| 999 |
_c16605 _d16605 |
||